Hướng dẫn trả lời câu hỏi và bài tập nguyên lý kế toán

שמור ב:
מידע ביבליוגרפי
מחבר ראשי: Hà Xuân Thạch
פורמט: ספר
שפה:Undetermined
יצא לאור: H. Thống Kê
נושאים:
תגים: הוספת תג
אין תגיות, היה/י הראשונ/ה לתייג את הרשומה!
Thư viện lưu trữ: Trung tâm Học liệu Trường Đại học Cần Thơ
LEADER 00552nam a2200181Ia 4500
001 CTU_55550
008 210402s9999 xx 000 0 und d
020 |b 19000 
082 |a 657.076 
082 |b Th102 
100 |a Hà Xuân Thạch 
245 0 |a Hướng dẫn trả lời câu hỏi và bài tập nguyên lý kế toán 
245 0 |c Hà Xuân Thạch 
260 |a H. 
260 |b Thống Kê 
650 |a accounting 
650 |x problems, exercises, etc. 
980 |a Trung tâm Học liệu Trường Đại học Cần Thơ